00555nam a2200193 a 4500001001300000003000900013005001700022008004100039020002600080082001800106100001900124245004800143260004300191300000900234500003500243505002400278650004000302700001900342nice12345678IN_TiNIC20260116013053.0050524s1996 lona grp 000 0 eng  a0415201 c974.2500a949.7024bDAV aDavis, G Scott aReligion and Justice in the War Over Bosnia aLondon bRoutledge Chapman Hall c1996 a181p aincludes index and biblioraphy2 areference and notes aBosnia and Herzegovina-History-19921 aDavis, G Scott